000 00275nam a2200121Ia 4500
008 190216s9999||||xx |||||||||||||| ||und||
100 _aBiswajit Chaterjee
245 0 _aHuman Resource Management
260 _bWheeler Pub
300 _a186
650 _aCommerce
942 _cBK
999 _c5843
_d5843